Disciplina fiscal y reforma fiscal en una sociedad en cambio (Record no. 19214)

000 -CABECERA
campo de control de longitud fija 00756nab#a2200241#c#4500
003 - IDENTIFICADOR DEL NÚMERO DE CONTROL
campo de control IEF
005 - FECHA Y HORA DE LA ÚLTIMA TRANSACCIÓN
campo de control 20191211122334.0
008 - CÓDIGOS DE INFORMACIÓN DE LONGITUD FIJA
campo de control de longitud fija 950704s1975 uuu|| #####0 b| |u
040 ## - FUENTE DE LA CATALOGACIÓN
Centro catalogador de origen IEF
Centro transcriptor ES-MaIEF
100 ## - PUNTO DE ACCESO PRINCIPAL - NOMBRE DE PERSONA
Nombre de persona Strümpel, Burkhard
9 (RLIN) 42581
245 ## - MENCIÓN DE TÍTULO
Título Disciplina fiscal y reforma fiscal en una sociedad en cambio
Mención de responsabilidad etc. Burkhard Strumpel y Francisco Alvira Martín
260 ## - PUBLICACIÓN, DISTRIBUCIÓN, ETC. (PIE DE IMPRENTA)
Lugar de publicación distribución etc. Madrid
Nombre del editor distribuidor etc. Instituto de Estudios Fiscales [IEF]
Fecha de publicación distribución etc. 1975
500 ## - NOTA GENERAL
Nota general Bibliografía
650 #4 - PUNTO DE ACCESO ADICIONAL DE MATERIA--TÉRMINO DE MATERIA
Término de materia o nombre geográfico como elemento inicial IMPUESTOS
9 (RLIN) 47460
650 #4 - PUNTO DE ACCESO ADICIONAL DE MATERIA--TÉRMINO DE MATERIA
Término de materia o nombre geográfico como elemento inicial REFORMA
9 (RLIN) 10750
650 #4 - PUNTO DE ACCESO ADICIONAL DE MATERIA--TÉRMINO DE MATERIA
Término de materia o nombre geográfico como elemento inicial DISCIPLINA FISCAL
9 (RLIN) 10414
650 #4 - PUNTO DE ACCESO ADICIONAL DE MATERIA--TÉRMINO DE MATERIA
Término de materia o nombre geográfico como elemento inicial ESPAÑA
9 (RLIN) 41092
700 ## - PUNTO DE ACCESO ADICIONAL--NOMBRE DE PERSONA
9 (RLIN) 1025
Nombre de persona Alvira Martín, Francisco
773 0# - ENLACE AL DOCUMENTO FUENTE
Título Hacienda pública española
Número de control del registro relacionado 34570
Parte(s) relacionada(s) 34, p. 21-53
942 ## - ELEMENTOS DE PUNTO DE ACCESO ADICIONAL (KOHA)
Fuente del sistema de clasificación o colocación
942 ## - ELEMENTOS DE PUNTO DE ACCESO ADICIONAL (KOHA)
Fuente del sistema de clasificación o colocación
Holdings
Estado de retiro Estado de pérdida Estado dañado No para préstamo Localización permanente Fecha de adquisición Signatura topográfica completa Código de barras Fecha visto por última vez Precio válido a partir de Tipo de ítem Koha
      Disponible para préstamo IEF 1995-07-04 HPE/1975/34-2 HPE/1975/34-2 2018-02-19 2018-02-19 Artículos

Powered by Koha